000 00578nam a2200181Ia 4500
008 151018s9999 xx 000 0 und d
082 _bRBASDV60386
_a891.431
100 _aशैल सस्केना
245 _aनिर्वासित कर्ण
250 _b1
260 _bअभिव्यक्ती
_c2012
300 _a88
600 _aशैल सस्केना
630 _aनिर्वासित कर्ण
700 _aशैल सस्केना
730 _aनिर्वासित कर्ण
942 _cBOOK
999 _c1053922
_d1053919